000 00509nam a2200181Ia 4500
008 090124s9999 xx 000 0 und d
082 _b116661
100 _aकालेलकर मधुसूदन
245 _a अमृतवेल
250 _a1
260 _c1972
300 _a86
600 _aकालेलकर मधुसूदन
630 _a अमृतवेल
700 _aकालेलकर मधुसूदन
730 _a अमृतवेल
942 _cBOOK
999 _c162747
_d162747